[Event "Chess24 Banter Blitz Cup"]
[Site "chess24.com INT"]
[Date "2020.01.30"]
[Round "2.1"]
[White "Gordievsky, Dmitry"]
[Black "Anton Guijarro, David"]
[Result "1/2-1/2"]
[WhiteTitle "GM"]
[BlackTitle "GM"]
[WhiteElo "2579"]
[BlackElo "2674"]
[WhiteFideId "24112798"]
[BlackFideId "2285525"]
[EventDate "2019.09.25"]
[EventType "blitz"]

1. d4 Nf6 2. c4 e6 3. g3 d5 4. Bg2 Bb4+ 5. Nd2 a5 6. Nf3 dxc4 7. Qc2 b5 8. a3
Bxd2+ 9. Bxd2 Bb7 10. a4 b4 11. Qxc4 O-O 12. Qc2 Be4 13. Qc1 Qd5 14. O-O Rc8 15.
Be3 Nbd7 16. Qd2 c5 17. dxc5 Nxc5 18. Qxd5 Nxd5 19. Bxc5 Rxc5 20. Nd4 Bxg2 21.
Kxg2 Rac8 22. Rad1 g6 23. Rd2 Nb6 24. b3 Rc3 25. Rfd1 e5 26. Nf3 Rxb3 27. Nxe5
Nxa4 28. Rd7 Rf8 29. Ra7 Nc3 30. Rdd7 Ne4 31. Nxf7 Nf6 32. Nh6+ Kh8 33. Rdb7 Rb2
34. Ng4 Kg8 35. Rg7+ Kh8 36. Nxf6 Rxf6 37. Rxh7+ Kg8 38. Rhe7 Ra2 39. Rg7+ Kh8
40. Rh7+ Kg8 41. Rag7+ Kf8 42. Rb7 Kg8 43. Rhg7+ Kf8 44. Rh7 Kg8 45. Rhg7+ Kf8
46. Rh7 1/2-1/2

[Event "Chess24 Banter Blitz Cup"]
[Site "chess24.com INT"]
[Date "2020.01.30"]
[Round "2.2"]
[White "Anton Guijarro, David"]
[Black "Gordievsky, Dmitry"]
[Result "0-1"]
[WhiteTitle "GM"]
[BlackTitle "GM"]
[WhiteElo "2674"]
[BlackElo "2579"]
[WhiteFideId "2285525"]
[BlackFideId "24112798"]
[EventDate "2019.09.25"]
[EventType "blitz"]

1. e4 c5 2. Nc3 Nc6 3. Bb5 Nd4 4. Nf3 g6 5. Nxd4 cxd4 6. Ne2 Bg7 7. c3 Qb6 8.
Bc4 Qc7 9. Qb3 e6 10. cxd4 Ne7 11. d3 O-O 12. Bf4 d6 13. O-O Nc6 14. d5 Na5 15.
Qb4 e5 16. Be3 Nxc4 17. dxc4 b6 18. Rac1 f5 19. f3 Bd7 20. Qd2 Rf7 21. b4 Raf8
22. exf5 gxf5 23. c5 bxc5 24. bxc5 dxc5 25. Bxc5 Re8 26. d6 Qd8 27. Nc3 Qh4 28.
Bf2 Qh5 29. Nd5 Kh8 30. Rc7 Bh6 31. Be3 f4 32. Bf2 Rg8 33. Qc3 Rfg7 34. g3 fxg3
35. Bxg3 Rxg3+ 36. hxg3 Rxg3+ 37. Kf2 Qh2+ 38. Ke1 Rg2 39. Ne3 Re2+ 40. Kd1 Bxe3
41. Rc8+ Kg7 42. Rg1+ Bxg1 43. Rc7 Rxa2 44. Rxd7+ Kf6 45. Rf7+ Kxf7 46. Qc7+ Ke6
47. Qe7+ Kd5 48. Qf7+ Kd4 49. Qb3 Qd2# 0-1

[Event "Chess24 Banter Blitz Cup"]
[Site "chess24.com INT"]
[Date "2020.01.30"]
[Round "2.3"]
[White "Gordievsky, Dmitry"]
[Black "Anton Guijarro, David"]
[Result "0-1"]
[WhiteTitle "GM"]
[BlackTitle "GM"]
[WhiteElo "2579"]
[BlackElo "2674"]
[WhiteFideId "24112798"]
[BlackFideId "2285525"]
[EventDate "2019.09.25"]
[EventType "blitz"]

1. Nf3 d5 2. g3 Nc6 3. d4 Bg4 4. Bg2 e6 5. h3 Bh5 6. O-O Nf6 7. c4 Bd6 8. Nc3
dxc4 9. Qa4 O-O 10. Qxc4 Qe7 11. Bg5 h6 12. Bxf6 Qxf6 13. Ne4 Qe7 14. Rac1 Rad8
15. e3 Bg6 16. Nc5 Bxc5 17. Qxc5 Qxc5 18. Rxc5 Be4 19. Rfc1 Rfe8 20. Ne1 Bxg2
21. Kxg2 Rd7 22. a3 Rc8 23. b4 Ne7 24. Nd3 c6 25. b5 Rdc7 26. a4 Kf8 27. a5 Ke8
28. b6 axb6 29. axb6 Rd7 30. Ne5 Rdd8 31. Ra1 Ra8 32. Rca5 Rxa5 33. Rxa5 Nd5 34.
Ra7 Rb8 35. Nc4 Kd7 36. Ne5+ Ke8 37. Nc4 Kd7 38. e4 Nc3 39. Na5 Kc8 40. f3 Nb5
41. Nc4 Kd7 42. Kf2 Nxd4 43. Ne5+ Ke8 44. Nc4 Nb5 45. Ra5 Ke7 46. Ke3 Nd6 47.
Ne5 f6 48. Ng6+ Kf7 0-1

[Event "Chess24 Banter Blitz Cup"]
[Site "chess24.com INT"]
[Date "2020.01.30"]
[Round "2.4"]
[White "Anton Guijarro, David"]
[Black "Gordievsky, Dmitry"]
[Result "1-0"]
[WhiteTitle "GM"]
[BlackTitle "GM"]
[WhiteElo "2674"]
[BlackElo "2579"]
[WhiteFideId "2285525"]
[BlackFideId "24112798"]
[EventDate "2019.09.25"]
[EventType "blitz"]

1. e4 c5 2. Nc3 Nc6 3. Bb5 Nd4 4. Nf3 e6 5. O-O a6 6. Bd3 Nc6 7. Re1 Nge7 8. b3
Ng6 9. Bb2 Bd6 10. Bf1 O-O 11. g3 b5 12. a4 b4 13. Nb1 Bb7 14. d3 Bc7 15. Nbd2
d5 16. h4 h6 17. exd5 exd5 18. h5 Nge7 19. Bg2 Qd7 20. d4 cxd4 21. Nxd4 Nxd4 22.
Bxd4 Nf5 23. Bh3 Rfe8 24. Qg4 Bc8 25. Bxg7 Nxg7 26. Qxd7 Bxd7 27. Bxd7 Rxe1+ 28.
Rxe1 Nxh5 29. Nf3 Rd8 30. Bf5 Bb6 31. Kg2 Nf6 32. Bd3 a5 33. Re7 Kf8 34. Rb7 Bc5
35. Ne5 Be7 36. Nc6 Rd7 37. Rxd7 Nxd7 38. Nxa5 Ne5 39. f4 Ng4 40. Nc6 Bc5 41. a5
Ke8 42. a6 1-0

[Event "Chess24 Banter Blitz Cup"]
[Site "chess24.com INT"]
[Date "2020.01.30"]
[Round "2.5"]
[White "Gordievsky, Dmitry"]
[Black "Anton Guijarro, David"]
[Result "1/2-1/2"]
[WhiteTitle "GM"]
[BlackTitle "GM"]
[WhiteElo "2579"]
[BlackElo "2674"]
[WhiteFideId "24112798"]
[BlackFideId "2285525"]
[EventDate "2019.09.25"]
[EventType "blitz"]

1. Nf3 g6 2. g3 b6 3. d4 Bb7 4. Bg2 Bg7 5. Kf1 Nf6 6. c4 O-O 7. d5 e6 8. Nc3 Re8
9. h4 h5 10. Bg5 exd5 11. cxd5 c6 12. Nd4 c5 13. Ndb5 d6 14. Ne4 Rxe4 15. Bxe4
a6 16. Nc3 b5 17. Bf3 Nbd7 18. Ne4 Qc7 19. Nxf6+ Nxf6 20. Kg2 Re8 21. Re1 Ne4
22. Qc2 Nxg5 23. hxg5 Qe7 24. Qd2 c4 25. a4 Bc8 26. axb5 axb5 27. Qb4 Bd7 28.
Qd2 Qe5 29. Reb1 Bf5 30. e4 Bxe4 31. Re1 Bxf3+ 32. Kxf3 Qf5+ 33. Kg2 Rc8 34.
Rab1 h4 35. Rh1 h3+ 36. Kh2 b4 37. Qf4 Qxd5 38. Kxh3 c3 39. bxc3 bxc3 40. Rbd1
Qe6+ 41. Kg2 c2 42. Rxd6 Be5 43. Rxe6 Bxf4 44. gxf4 fxe6 45. Rc1 Kf7 46. Kf3 Ke7
47. Ke3 Kd6 48. Kd2 Kd5 49. Kd3 Rc7 50. f3 Rc6 51. Rxc2 Rxc2 52. Kxc2 Kd4 53.
Kd2 Kc4 54. Ke2 Kd4 55. Kd2 Kd5 56. Ke3 Kc6 57. Ke4 Kd6 58. Kd4 Kd7 59. Ke5 Ke7
60. Ke4 Kd7 61. Kd4 Kd8 62. Ke5 Ke7 63. Ke4 Kd6 64. Kd4 Kd7 65. Ke5 Ke7 1/2-1/2

[Event "Chess24 Banter Blitz Cup"]
[Site "chess24.com INT"]
[Date "2020.01.30"]
[Round "2.6"]
[White "Anton Guijarro, David"]
[Black "Gordievsky, Dmitry"]
[Result "1-0"]
[WhiteTitle "GM"]
[BlackTitle "GM"]
[WhiteElo "2674"]
[BlackElo "2579"]
[WhiteFideId "2285525"]
[BlackFideId "24112798"]
[EventDate "2019.09.25"]
[EventType "blitz"]

1. e4 e5 2. Bc4 Nc6 3. d3 Nf6 4. Nc3 Na5 5. Nge2 Nxc4 6. dxc4 Bc5 7. O-O d6 8.
Qd3 Be6 9. b3 h6 10. a4 O-O 11. a5 a6 12. Be3 Nd7 13. Ng3 Qe7 14. Nd5 Bxd5 15.
cxd5 Kh7 16. Bxc5 Nxc5 17. Qe2 g6 18. b4 Nd7 19. c4 h5 20. Nxh5 Qg5 21. Ng3 f5
22. exf5 gxf5 23. f4 exf4 24. Qd2 Rae8 25. Qxf4 Qxf4 26. Rxf4 Kg6 27. Raf1 Re5
28. h3 Rf6 29. Kh2 Rf7 30. R1f2 Rf6 31. Ne2 Rf7 32. g4 Nf6 33. gxf5+ Kh6 34. Rg2
Nh5 35. Rh4 Rfxf5 36. Ng3 Rg5 37. Nxh5 Rxh5 38. Rf4 Re3 39. Rf6+ Kh7 40. Rf7+
Kh6 41. Rg3 Re2+ 42. Kg1 Rhe5 43. Rf6+ Kh5 44. Rf8 Kh4 45. Rg2 Rxg2+ 46. Kxg2
Re2+ 47. Kf3 Rb2 48. Rh8+ Kg5 49. Rh7 Rxb4 50. Rxc7 Kf5 51. Ke3 Ke5 52. Kd3 Rb3+
53. Kc2 Rxh3 54. Rxb7 Kd4 55. Rc7 Rc3+ 56. Kb2 Rxc4 57. Rc6 Rc5 58. Rxa6 Kxd5
59. Kb3 Rb5+ 60. Ka4 Kc4 61. Rc6+ Rc5 62. Rb6 Kd5 63. a6 Rc1 64. Rb4 Ra1+ 65.
Kb5 Ra2 66. Kb6 1-0

[Event "Chess24 Banter Blitz Cup"]
[Site "chess24.com INT"]
[Date "2020.01.30"]
[Round "2.7"]
[White "Gordievsky, Dmitry"]
[Black "Anton Guijarro, David"]
[Result "1-0"]
[WhiteTitle "GM"]
[BlackTitle "GM"]
[WhiteElo "2579"]
[BlackElo "2674"]
[WhiteFideId "24112798"]
[BlackFideId "2285525"]
[EventDate "2019.09.25"]
[EventType "blitz"]

1. d4 Nf6 2. Nf3 d5 3. Bf4 Bg4 4. e3 e6 5. Nbd2 Bd6 6. h3 Bh5 7. c3 O-O 8. Bd3
c5 9. Qb1 Bxf4 10. exf4 cxd4 11. Nxd4 Bg6 12. Bxg6 hxg6 13. Qd3 Nc6 14. N2f3 Qb6
15. Rb1 Nxd4 16. Nxd4 Qa6 17. Qxa6 bxa6 18. Ke2 Rfc8 19. g4 Rab8 20. f3 Kf8 21.
Kd2 Ne8 22. Rhe1 Nd6 23. b3 a5 24. a4 Rb7 25. Kc2 Rbc7 26. Re3 a6 27. Rbe1 Kg8
28. h4 Kf8 29. Rh1 Kg8 30. h5 gxh5 31. Rxh5 g6 32. Rh1 Kg7 33. Rhe1 Rh8 34. Rxe6
Rd7 35. R6e5 Nb7 36. f5 Rh2+ 37. R1e2 Rxe2+ 38. Rxe2 Kf6 39. fxg6 fxg6 40. f4
Nc5 41. Re5 Rh7 42. Rxd5 Rh2+ 43. Kd1 Ne4 44. g5+ Kf7 45. Rd7+ Ke8 46. Rc7 Rd2+
47. Ke1 Rc2 48. f5 gxf5 49. g6 Rg2 50. g7 f4 51. Nf5 f3 52. Re7+ Kd8 53. Rxe4 1-0

[Event "Chess24 Banter Blitz Cup"]
[Site "chess24.com INT"]
[Date "2020.01.30"]
[Round "2.8"]
[White "Anton Guijarro, David"]
[Black "Gordievsky, Dmitry"]
[Result "1-0"]
[WhiteTitle "GM"]
[BlackTitle "GM"]
[WhiteElo "2674"]
[BlackElo "2579"]
[WhiteFideId "2285525"]
[BlackFideId "24112798"]
[EventDate "2019.09.25"]
[EventType "blitz"]

1. e4 c5 2. Nc3 e6 3. Nf3 a6 4. d4 cxd4 5. Nxd4 Qc7 6. a3 Nf6 7. Be3 b5 8. Bd3
Bb7 9. O-O d6 10. f4 Nbd7 11. Nb3 Be7 12. Qe1 O-O 13. Rd1 Rac8 14. Qg3 Qb8 15.
Bd2 g6 16. Rde1 Qa8 17. e5 Nh5 18. Qh3 dxe5 19. fxe5 Qb8 20. Bh6 Nxe5 21. Bxf8
Rxf8 22. Be4 Nc4 23. Bxb7 Qxb7 24. Nd1 e5 25. Qf3 Qb6+ 26. Kh1 Qe6 27. g3 Rd8
28. Qe2 f5 29. Ne3 Nxb2 30. Nxf5 gxf5 31. Qxh5 Rf8 32. Qe2 Nc4 33. Qg2 Bxa3 34.
Nd4 Qd7 35. Nf3 Bd6 36. Nh4 Qe6 37. Qf3 e4 38. Qh5 f4 39. gxf4 Kh8 40. Rg1 Rf6
41. f5 Qd5 42. Ng6+ Rxg6 43. Rxg6 e3+ 44. Rg2 Nd2 45. Qe8+ 1-0

[Event "Chess24 Banter Blitz Cup"]
[Site "chess24.com INT"]
[Date "2020.01.30"]
[Round "2.9"]
[White "Gordievsky, Dmitry"]
[Black "Anton Guijarro, David"]
[Result "1-0"]
[WhiteTitle "GM"]
[BlackTitle "GM"]
[WhiteElo "2579"]
[BlackElo "2674"]
[WhiteFideId "24112798"]
[BlackFideId "2285525"]
[EventDate "2019.09.25"]
[EventType "blitz"]

1. d4 Nf6 2. Bf4 d6 3. e3 g6 4. Nf3 Bg7 5. h3 O-O 6. Bd3 Nc6 7. Bh2 e6 8. O-O
Qe7 9. Be2 e5 10. c3 Re8 11. b4 e4 12. Nfd2 Nd5 13. b5 Nd8 14. c4 Nb6 15. a4 f5
16. Nc3 Be6 17. a5 Nd7 18. Nd5 Bxd5 19. cxd5 Nf6 20. Qb3 Nf7 21. b6 cxb6 22.
axb6 axb6 23. Nc4 Bf8 24. Nxb6 Rxa1 25. Rxa1 Qc7 26. Qb2 Rd8 27. Rc1 Qb8 28. Qa3
Nd7 29. Nxd7 Rxd7 30. Qc3 b5 31. Rb1 Rb7 32. Qb4 h5 33. h4 Kg7 34. Bxb5 Be7 35.
Bg3 Nh6 36. f3 exf3 37. gxf3 Qd8 38. Qe1 f4 39. Bxf4 Nf5 40. Bd3 Bxh4 41. Rxb7+ 1-0

[Event "Chess24 Banter Blitz Cup"]
[Site "chess24.com INT"]
[Date "2020.01.30"]
[Round "2.10"]
[White "Anton Guijarro, David"]
[Black "Gordievsky, Dmitry"]
[Result "1-0"]
[WhiteTitle "GM"]
[BlackTitle "GM"]
[WhiteElo "2674"]
[BlackElo "2579"]
[WhiteFideId "2285525"]
[BlackFideId "24112798"]
[EventDate "2019.09.25"]
[EventType "blitz"]

1. e4 c5 2. Nc3 e6 3. Nf3 a6 4. g3 Nc6 5. Bg2 Nf6 6. O-O Be7 7. d4 cxd4 8. Nxd4
d6 9. Nxc6 bxc6 10. e5 Nd5 11. exd6 Bxd6 12. Ne4 Bc7 13. c4 Ne7 14. Qxd8+ Bxd8
15. Nd6+ Kf8 16. Be3 Rb8 17. Rfd1 h5 18. Ba7 Ra8 19. Bc5 h4 20. Nxc8 Rxc8 21.
Rd7 Rh5 22. Rad1 1-0

[Event "Chess24 Banter Blitz Cup"]
[Site "chess24.com INT"]
[Date "2020.01.30"]
[Round "2.11"]
[White "Gordievsky, Dmitry"]
[Black "Anton Guijarro, David"]
[Result "1-0"]
[WhiteTitle "GM"]
[BlackTitle "GM"]
[WhiteElo "2579"]
[BlackElo "2674"]
[WhiteFideId "24112798"]
[BlackFideId "2285525"]
[EventDate "2019.09.25"]
[EventType "blitz"]

1. d4 Nf6 2. Bf4 e6 3. e3 b6 4. Nf3 Bb7 5. h3 Bd6 6. Bd3 O-O 7. O-O Bxf4 8. exf4
c5 9. c3 Qc7 10. g3 d6 11. Nbd2 Nbd7 12. Re1 Rfe8 13. a4 a6 14. Rc1 h6 15. Bf1
Bc6 16. b4 cxb4 17. cxb4 Qb7 18. Qb3 Bd5 19. Qa3 Rec8 20. Bc4 b5 21. Bxd5 Qxd5
22. a5 Ne8 23. Rxc8 Rxc8 24. Rc1 Qb7 25. Rxc8 Qxc8 26. d5 exd5 27. Qd3 Ndf6 28.
Kg2 Qb7 29. Qd4 Ne4 30. Qb6 Qc8 31. Qd4 N8f6 32. g4 Qc2 33. g5 Nxd2 34. Qxd2
Qxd2 35. Nxd2 hxg5 36. fxg5 Ne4 37. Nf3 Nxg5 38. Nxg5 1-0

[Event "Chess24 Banter Blitz Cup"]
[Site "chess24.com INT"]
[Date "2020.01.30"]
[Round "2.12"]
[White "Anton Guijarro, David"]
[Black "Gordievsky, Dmitry"]
[Result "1/2-1/2"]
[WhiteTitle "GM"]
[BlackTitle "GM"]
[WhiteElo "2674"]
[BlackElo "2579"]
[WhiteFideId "2285525"]
[BlackFideId "24112798"]
[EventDate "2019.09.25"]
[EventType "blitz"]

1. e4 e5 2. Bc4 Nc6 3. d3 Nf6 4. Nc3 Na5 5. Nge2 Nxc4 6. dxc4 Bc5 7. O-O d6 8.
Qd3 O-O 9. b3 Be6 10. a4 c6 11. Bg5 h6 12. Bh4 g5 13. Bg3 a5 14. Kh1 Nh5 15. f3
Nf4 16. Nxf4 gxf4 17. Bf2 Qe7 18. Rad1 Rad8 19. Qe2 Kh7 20. Nb1 Rg8 21. c3 Qg5
22. Bxc5 dxc5 23. Qf2 Qe7 24. Rg1 b6 25. Na3 Rxd1 26. Rxd1 Rd8 27. Qe2 Rd6 28.
Nc2 Qd8 29. Rxd6 Qxd6 30. Ne1 f6 31. Qd3 Qxd3 32. Nxd3 h5 33. g3 fxg3 34. hxg3
Kg6 35. Kg2 Kg5 36. Kf2 h4 37. gxh4+ Kxh4 38. Ke3 Kg5 39. f4+ exf4+ 40. Nxf4 Bg8
41. Nd3 Kg6 42. Kf4 Kf7 43. Nf2 Ke7 44. Ng4 b5 45. Ne3 bxa4 46. bxa4 Ke6 47. Nf5
Bf7 48. Ng3 Bg6 1/2-1/2

[Event "Chess24 Banter Blitz Cup"]
[Site "chess24.com INT"]
[Date "2020.01.30"]
[Round "2.13"]
[White "Gordievsky, Dmitry"]
[Black "Anton Guijarro, David"]
[Result "0-1"]
[WhiteTitle "GM"]
[BlackTitle "GM"]
[WhiteElo "2579"]
[BlackElo "2674"]
[WhiteFideId "24112798"]
[BlackFideId "2285525"]
[EventDate "2019.09.25"]
[EventType "blitz"]

1. d4 d6 2. Bf4 f5 3. e3 Nf6 4. Nc3 g6 5. h4 h6 6. Bd3 Bg7 7. Nf3 Nc6 8. e4 Nh5
9. Bh2 O-O 10. exf5 Bxf5 11. Bxf5 gxf5 12. d5 Nb4 13. Qe2 Qe8 14. a3 Bxc3+ 15.
bxc3 Nxd5 16. O-O-O Qf7 17. Qd2 Ndf6 18. Qxh6 Qg7 19. Qe3 e5 20. Ng5 Rae8 21. f3
Nh7 22. g4 fxg4 23. fxg4 Nf4 24. Ne4 Nf6 25. Nxf6+ Qxf6 26. g5 Qe6 27. Rdg1 Qa2
28. h5 Nd5 29. Qg3 Qxa3+ 30. Kd2 Nxc3 31. Qd3 Rf2+ 32. Ke3 Qc5+ 0-1

[Event "Chess24 Banter Blitz Cup"]
[Site "chess24.com INT"]
[Date "2020.01.30"]
[Round "2.14"]
[White "Anton Guijarro, David"]
[Black "Gordievsky, Dmitry"]
[Result "1/2-1/2"]
[WhiteTitle "GM"]
[BlackTitle "GM"]
[WhiteElo "2674"]
[BlackElo "2579"]
[WhiteFideId "2285525"]
[BlackFideId "24112798"]
[EventDate "2019.09.25"]
[EventType "blitz"]

1. e4 e5 2. Bc4 Nc6 3. d3 Nf6 4. Nc3 Na5 5. Nge2 Nxc4 6. dxc4 Bc5 7. O-O d6 8.
Qd3 h6 9. a4 O-O 10. a5 a6 11. b3 Be6 12. Ng3 Nd7 13. Be3 Kh7 14. Nd5 g6 15. b4
Bxe3 16. Nxe3 Qg5 17. Nd5 Rac8 18. Rad1 h5 19. Qe3 Qxe3 20. Nxe3 h4 21. Ne2 f5
22. exf5 Bxf5 23. f3 Nf6 24. Nc3 Be6 25. Ncd5 g5 26. Nxf6+ Rxf6 27. c5 Bf7 28.
Rfe1 Kg6 29. Ng4 Re6 30. Rd2 Rce8 31. Red1 Rd8 32. cxd6 Rdxd6 33. Kf2 Be8 34. c4
Ba4 35. Rxd6 cxd6 36. Rc1 Bc6 37. Ke3 Re8 38. Rd1 Re6 39. Nf2 Kf5 40. Ne4 Bxe4
41. fxe4+ Kg4 42. Rf1 Re7 43. Rf3 Rc7 44. h3+ Kh5 45. Kd3 Kg6 46. Rf8 Rf7 47.
Rxf7 Kxf7 48. Ke3 Kf6 49. Kf3 Kf7 50. Kg4 Kg6 51. Kf3 Kf7 52. Kg4 Kg6 53. Kf3
Kf7 1/2-1/2

[Event "Chess24 Banter Blitz Cup"]
[Site "chess24.com INT"]
[Date "2020.01.30"]
[Round "2.15"]
[White "Gordievsky, Dmitry"]
[Black "Anton Guijarro, David"]
[Result "1-0"]
[WhiteTitle "GM"]
[BlackTitle "GM"]
[WhiteElo "2579"]
[BlackElo "2674"]
[WhiteFideId "24112798"]
[BlackFideId "2285525"]
[EventDate "2019.09.25"]
[EventType "blitz"]

1. d3 d5 2. Nf3 Nc6 3. Bf4 Bg4 4. Nbd2 e6 5. Bg3 Nf6 6. e4 dxe4 7. dxe4 Nh5 8.
Bb5 Nxg3 9. hxg3 Bc5 10. c3 O-O 11. Bxc6 bxc6 12. Qc2 Qf6 13. e5 Qg6 14. Qxg6
hxg6 15. Rh4 Bxf3 16. Nxf3 Be7 17. Rc4 c5 18. Rd1 Rfd8 19. Rxd8+ Rxd8 20. Ra4
Ra8 21. Ra6 Kf8 22. Nd2 Ke8 23. Ke2 Kd7 24. Ne4 Kc8 25. Ra5 c4 26. Nd2 a6 27.
Nxc4 Kb7 28. Nd2 Rh8 29. Ra4 Rh1 30. Rf4 f5 31. exf6 gxf6 32. Rd4 Kc6 33. g4 Ra1
34. Ra4 Kb7 35. Ne4 Rb1 36. b3 Rb2+ 37. Nd2 Rc2 38. Kd3 Rc1 39. Rd4 Kc6 40. Rc4+
Kb7 41. Re4 e5 42. f4 Bd6 43. f5 g5 44. Re2 Rd1 45. Kc2 Rg1 46. Ne4 Be7 47. Kd3
Kc6 48. Kc4 Rf1 49. g3 Ra1 50. a4 Rc1 51. b4 Ra1 52. b5+ Kb6 53. bxa6 Rxa4+ 54.
Kd5 c6+ 55. Ke6 Bd8 56. Nxf6 Bxf6 57. Kxf6 Rxg4 58. Re3 e4 59. Kg6 1-0

[Event "Chess24 Banter Blitz Cup"]
[Site "chess24.com INT"]
[Date "2020.01.30"]
[Round "2.16"]
[White "Anton Guijarro, David"]
[Black "Gordievsky, Dmitry"]
[Result "1/2-1/2"]
[WhiteTitle "GM"]
[BlackTitle "GM"]
[WhiteElo "2674"]
[BlackElo "2579"]
[WhiteFideId "2285525"]
[BlackFideId "24112798"]
[EventDate "2019.09.25"]
[EventType "blitz"]

1. Nf3 c5 2. b3 e6 3. Bb2 Nf6 4. g3 b6 5. Bg2 Bb7 6. c4 d6 7. O-O Be7 8. d3 O-O
9. e4 Nbd7 10. Nc3 a6 11. Ne1 Qc7 12. f4 Rad8 13. Nc2 Qb8 14. Qe2 Bc6 15. a4 Bb7
16. g4 Ne8 17. g5 e5 18. Nd5 Bxd5 19. exd5 f5 20. gxf6 Nexf6 21. fxe5 Nxe5 22.
Bh3 Kh8 23. Be6 b5 24. axb5 axb5 25. Ne3 Rde8 26. Rab1 Bd8 27. Bxe5 dxe5 28. Ng4
Nxg4 29. Qxg4 Bf6 30. Bf5 g6 31. Be4 Bg7 32. Qh3 Qd6 33. Rxf8+ Rxf8 34. cxb5 h5
35. Rf1 Rf4 36. Qe6 Qf8 37. Rxf4 Qxf4 38. Qxg6 Qe3+ 39. Kg2 Qe2+ 40. Kg1 Qe1+
41. Kg2 Qe2+ 42. Kg1 Qe1+ 43. Kg2 Qe2+ 1/2-1/2

[Event "Chess24 Banter Blitz Cup"]
[Site "chess24.com INT"]
[Date "2020.01.29"]
[Round "2.1"]
[White "Mareco, Sandro"]
[Black "Tang, Andrew"]
[Result "0-1"]
[WhiteTitle "GM"]
[BlackTitle "GM"]
[WhiteElo "2634"]
[BlackElo "2507"]
[WhiteFideId "112275"]
[BlackFideId "2059630"]
[EventDate "2019.09.25"]
[EventType "blitz"]

1. e4 e5 2. Nf3 Nc6 3. Bb5 a6 4. Ba4 Nf6 5. d3 d6 6. O-O g6 7. c3 Bg7 8. h3 O-O
9. Be3 b5 10. Bb3 Bb7 11. Nbd2 Re8 12. Re1 Na5 13. Bc2 c5 14. a4 Nc6 15. Bb3 Qd7
16. Nf1 c4 17. Bc2 cxd3 18. Bxd3 b4 19. N1d2 bxc3 20. bxc3 d5 21. Rb1 Na5 22.
Bb6 Nc6 23. Nb3 dxe4 24. Nc5 Qe7 25. Nxe4 Nxe4 26. Bxe4 Rac8 27. a5 h6 28. Qb3
Kh7 29. Rbd1 f5 30. Bd5 e4 31. Nd2 Ne5 32. Bxb7 Qxb7 33. Bd4 Qxb3 34. Nxb3 Nd3
35. Re2 Bxd4 36. cxd4 Rc3 37. Nc5 Nxc5 38. dxc5 Rxc5 39. Rd7+ Kg8 40. Rb2 Rxa5
41. Rbb7 Re6 42. Rdc7 Re8 43. Rg7+ Kh8 44. Rxg6 f4 45. Rxh6+ Kg8 46. Rg6+ Kh8
47. Rf6 e3 48. fxe3 fxe3 49. Rb1 e2 50. Re1 Ra2 51. Kf2 a5 52. Rf3 a4 53. Re3
Rxe3 54. Kxe3 a3 55. Kf2 Rb2 56. g4 a2 57. h4 Rb1 0-1

[Event "Chess24 Banter Blitz Cup"]
[Site "chess24.com INT"]
[Date "2020.01.29"]
[Round "2.2"]
[White "Tang, Andrew"]
[Black "Mareco, Sandro"]
[Result "1-0"]
[WhiteTitle "GM"]
[BlackTitle "GM"]
[WhiteElo "2507"]
[BlackElo "2634"]
[WhiteFideId "2059630"]
[BlackFideId "112275"]
[EventDate "2019.09.25"]
[EventType "blitz"]

1. d4 Nf6 2. c4 e6 3. Nc3 Bb4 4. Qc2 d5 5. cxd5 exd5 6. Bg5 h6 7. Bh4 O-O 8. e3
Be6 9. Bd3 c5 10. dxc5 Nc6 11. Ne2 Bxc5 12. a3 Rc8 13. O-O Be7 14. Rad1 Ne5 15.
Bf5 Qd7 16. Nd4 Bc5 17. Bxf6 Bxd4 18. Bxe6 Qxe6 19. exd4 1-0

[Event "Chess24 Banter Blitz Cup"]
[Site "chess24.com INT"]
[Date "2020.01.29"]
[Round "2.3"]
[White "Mareco, Sandro"]
[Black "Tang, Andrew"]
[Result "0-1"]
[WhiteTitle "GM"]
[BlackTitle "GM"]
[WhiteElo "2634"]
[BlackElo "2507"]
[WhiteFideId "112275"]
[BlackFideId "2059630"]
[EventDate "2019.09.25"]
[EventType "blitz"]

1. e4 e5 2. Nf3 Nc6 3. Bb5 a6 4. Ba4 Nf6 5. d3 d6 6. c3 g6 7. O-O Bg7 8. h3 O-O
9. Re1 Re8 10. Be3 b5 11. Bc2 Bb7 12. a4 d5 13. Nbd2 d4 14. cxd4 exd4 15. Bf4
Nb4 16. Nb3 Nxe4 17. dxe4 d3 18. Bb1 Bxb2 19. Qd2 Bxa1 20. Qxb4 Bg7 21. Nc5 Bc6
22. Bxd3 a5 23. Qd2 bxa4 24. Qc2 a3 25. Bc4 Qe7 26. Ng5 Rf8 27. Nd3 Bb7 28. e5
Ba6 29. Ne4 Bxc4 30. Qxc4 Qe6 31. Qa4 a2 32. Nc3 Rfd8 33. Nc5 Qb6 34. N5e4 Qd4
35. Qxa2 Bxe5 36. Bxe5 Qxe5 37. Rc1 a4 38. Ng3 a3 39. Nge2 Rdb8 40. Ra1 Kg7 41.
Qc4 Rb2 42. g3 a2 43. Kg2 Rxe2 44. Qxe2 Qxc3 45. Rxa2 Qc6+ 46. Kh2 Re8 47. Qd2
Qf6 48. Rc2 Re7 49. Qc1 h5 0-1

[Event "Chess24 Banter Blitz Cup"]
[Site "chess24.com INT"]
[Date "2020.01.29"]
[Round "2.4"]
[White "Tang, Andrew"]
[Black "Mareco, Sandro"]
[Result "1-0"]
[WhiteTitle "GM"]
[BlackTitle "GM"]
[WhiteElo "2507"]
[BlackElo "2634"]
[WhiteFideId "2059630"]
[BlackFideId "112275"]
[EventDate "2019.09.25"]
[EventType "blitz"]

1. d4 Nf6 2. c4 e6 3. Nc3 Bb4 4. Qc2 d5 5. cxd5 exd5 6. Bg5 h6 7. Bh4 O-O 8. e3
c6 9. Bd3 Re8 10. Ne2 Nbd7 11. O-O Nf8 12. Rad1 Bd6 13. h3 Bd7 14. Qd2 Rc8 15.
f3 Be7 16. Bb1 a6 17. Qd3 c5 18. dxc5 Rxc5 19. Nf4 g5 20. Bxg5 hxg5 21. Nfxd5
Nxd5 22. Nxd5 Bb5 23. Qb3 Bxf1 24. Kxf1 Qd6 25. Qxb7 Qe6 26. Bf5 Qe5 27. f4 gxf4
28. exf4 Qd6 29. b4 Rb5 30. Nxe7+ Rxe7 31. Qf3 Qh6 32. Qg4+ Ng6 33. g3 Rxb4 34.
h4 Qg7 35. h5 Nf8 36. Qh4 Rb2 37. Qxe7 Qxg3 38. Qg5+ Qxg5 39. fxg5 Rb5 40. Bd3
Rxg5 41. Be2 a5 42. Rd3 Rf5+ 43. Ke1 Ne6 44. Rg3+ Kf8 45. h6 Rf4 46. h7 1-0

[Event "Chess24 Banter Blitz Cup"]
[Site "chess24.com INT"]
[Date "2020.01.29"]
[Round "2.5"]
[White "Mareco, Sandro"]
[Black "Tang, Andrew"]
[Result "1/2-1/2"]
[WhiteTitle "GM"]
[BlackTitle "GM"]
[WhiteElo "2634"]
[BlackElo "2507"]
[WhiteFideId "112275"]
[BlackFideId "2059630"]
[EventDate "2019.09.25"]
[EventType "blitz"]

1. e4 e5 2. Nf3 Nc6 3. Bb5 a6 4. Ba4 Nf6 5. d3 d6 6. c3 g6 7. O-O Bg7 8. Re1 O-O
9. h3 Re8 10. Nbd2 b5 11. Bc2 Bb7 12. a4 Nb8 13. Nb3 c5 14. Bg5 Nbd7 15. Qd2 Qc7
16. Qe3 c4 17. Nbd2 d5 18. axb5 axb5 19. Rxa8 Rxa8 20. d4 dxe4 21. Nxe4 Nd5 22.
Qd2 f5 23. Nc5 Nxc5 24. dxc5 e4 25. Nd4 Re8 26. Nxb5 Qxc5 27. Nd4 Be5 28. Ba4
Ra8 29. Bd7 Bxd4 30. Be6+ Kg7 31. cxd4 Qd6 32. Bxd5 Qxd5 33. Bf4 e3 34. fxe3 Qe4
35. Qf2 h6 36. Be5+ Kh7 37. Kh2 g5 38. Rg1 Rf8 39. Qd2 Rf7 40. Qb4 Bd5 41. Qb8
Rb7 42. Qh8+ Kg6 43. Qe8+ Bf7 44. Qh8 Bd5 45. Qf6+ Kh7 46. Qh8+ Kg6 1/2-1/2